Saints and their authors (Record no. 13417)

MARC details
000 -LEADER
campo de control de longitud fija 00737nam a2200217 i 4500
001 - NÚMERO DE CONTROL
campo de control 13417
003 - IDENTIFICADOR DE NÚMERO DE CONTROL
campo de control ES-MaACL
005 - FECHA Y HORA DE LA ÚLTIMA TRANSACCIÓN
campo de control 20230906150554.0
007 - CAMPO FIJO DE DESCRIPCIÓN FÍSICA--INFORMACIÓN GENERAL
campo de control de longitud fija t|
008 - DATOS DE LONGITUD FIJA--INFORMACIÓN GENERAL
campo de control de longitud fija 980306s1990 xxu ||||1| eng d
020 ## - NÚMERO INTERNACIONAL ESTÁNDAR DEL LIBRO
Número Internacional Estándar del Libro 0-940639-61-0
080 ## - NÚMERO DE LA CLASIFICACIÓN DECIMAL UNIVERSAL
Número de la Clasificación Decimal Universal 235.3
245 00 - MENCIÓN DEL TÍTULO
Título Saints and their authors
Resto del título : studies in Medieval Hispanic hagiography in honor of Jonh K. Walsh /
Mención de responsabilidad, etc. edited by Jane E. Connolly, Alan Deyermond, Briand Dutton.
260 ## - PUBLICACIÓN, DISTRIBUCIÓN, ETC.
Lugar de publicación, distribución, etc. Madison :
Nombre del editor, distribuidor, etc. The Hispanic Seminary of Medieval Studies,
Fecha de publicación, distribución, etc. 1990.
300 ## - DESCRIPCIÓN FÍSICA
Extensión XXV, 213 p. ;
Dimensiones 24 cm.
650 14 - PUNTO DE ACCESO ADICIONAL DE MATERIA--TÉRMINO DE MATERIA
Término de materia o nombre geográfico como elemento de entrada Hagiografía.
9 (RLIN) 13291
700 1# - ENTRADA AGREGADA--NOMBRE PERSONAL
Nombre de persona Connolly, Jane E.
9 (RLIN) 40207
700 1# - ENTRADA AGREGADA--NOMBRE PERSONAL
Nombre de persona Deyermond, A. D.
9 (RLIN) 44055
700 1# - ENTRADA AGREGADA--NOMBRE PERSONAL
Nombre de persona Dutton, Brian.
9 (RLIN) 46363
852 ## - LOCALIZACIÓN
Ubicación ES-MaACL
Número de control de estantería L-20674
Sublocalización o colección R.125374
Holdings
Estatus retirado Estado de pérdida Estado de daño No para préstamo Biblioteca de origen Biblioteca actual Ubicación en estantería Fecha de adquisición Fuente de adquisición Total de préstamos Signatura topográfica completa Código de barras Visto por última vez Precio de reemplazo Tipo de ítem Koha
        Biblioteca del Ateneo de Madrid Biblioteca del Ateneo de Madrid Depósito 2 17/01/2008     L-20674 1013660 23/02/2023 23/02/2023 Libro impreso